Teología política. Cuatro ensayos sobre la soberanía.
Salvato in:
| Autore principale: | |
|---|---|
| Altri autori: | , , |
| Natura: | Libro |
| Lingua: | spagnolo |
| Pubblicazione: |
Santiago, Chile:
Ediciones Olejnik,
2024.
|
| Edizione: | Primera edición. |
| Serie: | Biblioteca Filosofía del Derecho.
|
| Soggetti: | |
| Tags: |
Aggiungi Tag
Nessun Tag, puoi essere il primo ad aggiungerne!!
|
MARC
| LEADER | 00000cam a2200000 a 4500 | ||
|---|---|---|---|
| 001 | UCE3771 | ||
| 003 | CL-VaPUC | ||
| 005 | 20250331162022.0 | ||
| 008 | 140925t20240000ag |||||||||||||||||spa|d | ||
| 999 | |c 447705 |d 447703 | ||
| 020 | |a 978-956-407-551-8 | ||
| 040 | |c Pontificia Universidad Católica de Valparaíso | ||
| 082 | 0 | 4 | |a 341.26 SCH 2024 |2 21 |
| 100 | |a Schmitt, Carl, |d 1888-1985 |e autor |9 258380 | ||
| 245 | 1 | 0 | |a Teología política. |b Cuatro ensayos sobre la soberanía. |
| 250 | |a Primera edición. | ||
| 260 | |a Santiago, Chile: |b Ediciones Olejnik, |c 2024. | ||
| 300 | |a 122 páginas. | ||
| 490 | |a Biblioteca Filosofía del Derecho. | ||
| 500 | |a c.1: Donación Rectoría. Biblioteca de Derecho. 20-01-2025. | ||
| 583 | |a last modification |c 20140925 17:45:00 |k Yessy Sthefany Diaz Vidal | ||
| 650 | 0 | |a Teología política |9 443181 |x Filosofía del derecho | |
| 650 | 0 | |a Soberanía |9 266726 |x Aspectos jurídicos y filosóficos | |
| 700 | |9 897658 |a Ruiz Miguel, Carlos |e coordinador general | ||
| 700 | |9 897556 |a Quequejana Mamani, Sonia Lidia |e coordinadora general | ||
| 700 | |9 897560 |a Choque Cuenca, Benigno |e coordinador general | ||
| 942 | |c BK |2 ddc | ||
| 945 | |d 20140925 17:45:00 |a arojas | ||
| 952 | |0 0 |1 0 |2 ddc |4 0 |6 341_260000000000000_SCH_2024 |7 0 |8 A |9 601968 |a BIBDER |b BIBDER |d 2025-03-27 |e Donación |i 5666818 |o 341.26 SCH 2024 |p 5666818 |r 2025-03-27 |t 1 |w 2025-03-27 |y BK |k DER | ||